[Event "Pozarevac Rudar 1st"]
[Site "Pozarevac"]
[Date "2022.04.01"]
[Round "9"]
[White "Trifunovic, Miroljub"]
[Black "Andreev, Konstantin"]
[Result "0-1"]
[WhiteElo "2144"]
[BlackElo "2186"]
[PlyCount "75"]
[EventDate "2022.03.25"]
[EventType "tourn"]
[EventRounds "9"]
[EventCountry "SRB"]
[EventCategory "1"]
[SourceTitle "CBM 207 Extra"]
[Source "ChessBase"]
[SourceDate "2022.05.31"]
[SourceVersion "1"]
[SourceVersionDate "2022.05.31"]
[SourceQuality "1"]

1. Nf3 Nf6 2. g3 d5 3. Bg2 e6 4. 0-0 Be7 5. d4 0-0 6. c4 c6 7. Qc2 b6 8. Rd1 Ba6 9. b3 Nbd7 10. Nbd2 c5 11. Ba3 Rc8 12. e3 b5 13. cxb5 cxd4 14. Bxe7 Qxe7 15. Qb2 dxe3 16. bxa6 exd2 17. Nxd2 Nc5 18. Bf1 Qd6 19. Qa3 Qb6 20. b4 Nce4 21. Nxe4 Nxe4 22. Qb2 Nc3 23. Rd2 Ne4 24. Rdd1 Rb8 25. a3 Rfd8 26. Rac1 d4 27. Bd3 Nc3 28. Re1 Qd6 29. Qd2 e5 30. f4 f6 31. fxe5 fxe5 32. Qg5 Re8 33. Qg4 Rbd8 34. Rc2 e4 35. Bc4+ Kh8 36. Bf1 d3 37. Rd2 Qxa6 38. Qf5 0-1

[Event "Pozarevac Rudar 1st"]
[Site "Pozarevac"]
[Date "2022.03.31"]
[Round "8"]
[White "Acor, Corey B"]
[Black "Trifunovic, Miroljub"]
[Result "1-0"]
[WhiteElo "2326"]
[BlackElo "2144"]
[PlyCount "59"]
[EventDate "2022.03.25"]
[EventType "tourn"]
[EventRounds "9"]
[EventCountry "SRB"]
[EventCategory "1"]
[SourceTitle "CBM 207 Extra"]
[Source "ChessBase"]
[SourceDate "2022.05.31"]
[SourceVersion "1"]
[SourceVersionDate "2022.05.31"]
[SourceQuality "1"]

1. e4 e5 2. Nc3 Nf6 3. g3 d5 4. exd5 Nxd5 5. Bg2 Nxc3 6. bxc3 Bd6 7. Nf3 0-0 8. 0-0 c6 9. d4 exd4 10. cxd4 Nd7 11. c4 Nf6 12. Qc2 Re8 13. Bb2 h6 14. Rfe1 Rxe1+ 15. Rxe1 Be6 16. Ne5 Qa5 17. Bc3 Qc7 18. f4 Qc8 19. a4 Rb8 20. a5 Ne8 21. Qe2 Nc7 22. Be4 Bf5 23. Qh5 Bxe4 24. Qxf7+ Kh7 25. Rxe4 Qe8 26. Qf5+ g6 27. Qf6 Be7 28. Qxg6+ Qxg6 29. Nxg6 Bf6 30. Ne5 1-0

[Event "SRB-ch sf"]
[Site "Novi Banovci"]
[Date "2020.02.29"]
[Round "8"]
[White "Trifunovic, Miroljub"]
[Black "Gavric, Zivojin"]
[Result "1-0"]
[WhiteElo "2180"]
[BlackElo "2134"]
[PlyCount "118"]
[EventDate "2020.02.24"]
[EventType "swiss"]
[EventRounds "9"]
[EventCountry "SRB"]
[SourceTitle "EXT 2021"]
[Source "ChessBase"]
[SourceDate "2020.10.23"]
[SourceVersion "1"]
[SourceVersionDate "2020.10.23"]
[SourceQuality "1"]

1. Nf3 d5 2. g3 Nd7 3. d4 Ngf6 4. Bg2 g6 5. 0-0 Bg7 6. c4 c6 7. cxd5 cxd5 8. Nc3 0-0 9. Qb3 e6 10. Bf4 a6 11. Rac1 Nh5 12. Bd6 Re8 13. Nb1 Bf8 14. Bxf8 Rxf8 15. Rc2 Nb6 16. Qe3 Nc4 17. Qh6 f6 18. b3 Nd6 19. Qd2 Bd7 20. Rfc1 Bc6 21. Bh3 Ng7 22. Bg2 Qb6 23. e3 g5 24. Ne1 g4 25. Nd3 a5 26. Nc5 Rad8 27. Nc3 Rfe8 28. h3 h5 29. Qd1 f5 30. Nd3 Nf7 31. Ne2 Rc8 32. Nef4 Bd7 33. Nc5 Bc6 34. Qd2 Ng5 35. Qd1 Rcd8 36. h4 Ne4 37. Nfd3 Re7 38. Ne5 Be8 39. Ncd3 Bb5 40. Nc5 Be8 41. Bf1 Ra8 42. Qe1 Nd6 43. a4 Ne4 44. Qd1 Kh7 45. Nxe4 fxe4 46. Rc5 Nf5 47. Qc2 Kg7 48. Bb5 Bxb5 49. Rxb5 Qd6 50. Qc5 Kf6 51. Qxd6 Nxd6 52. Rbc5 Ra6 53. R1c3 Ra8 54. Rc7 Rae8 55. Nd7+ Kg6 56. Nb6 Kf6 57. R7c5 Rf8 58. Rxa5 Ref7 59. Ra8 Ne8 1-0

[Event "SRB-ch sf"]
[Site "Novi Banovci"]
[Date "2020.02.25"]
[Round "2"]
[White "Micic, Aleksa"]
[Black "Trifunovic, Miroljub"]
[Result "1/2-1/2"]
[WhiteElo "1891"]
[BlackElo "2180"]
[PlyCount "29"]
[EventDate "2020.02.24"]
[EventType "swiss"]
[EventRounds "9"]
[EventCountry "SRB"]
[SourceTitle "CBM 195 Extra"]
[Source "ChessBase"]
[SourceDate "2020.05.31"]
[SourceVersion "1"]
[SourceVersionDate "2020.05.31"]
[SourceQuality "1"]

1. e4 e5 2. Nf3 Nc6 3. Bc4 Bc5 4. c3 Qe7 5. 0-0 d6 6. h3 Nf6 7. Re1 Bb6 8. d3 h6 9. Nbd2 0-0 10. Nf1 Be6 11. Bb5 Nb8 12. Ng3 Nh7 13. d4 c6 14. Ba4 Bc7 15. Bc2 1/2-1/2

[Event "SRB-ch sf"]
[Site "Novi Banovci"]
[Date "2020.02.25"]
[Round "3"]
[White "Trifunovic, Miroljub"]
[Black "Poleksic, Dusan"]
[Result "0-1"]
[WhiteElo "2180"]
[BlackElo "1978"]
[PlyCount "78"]
[EventDate "2020.02.24"]
[EventType "swiss"]
[EventRounds "9"]
[EventCountry "SRB"]
[SourceTitle "CBM 195 Extra"]
[Source "ChessBase"]
[SourceDate "2020.05.31"]
[SourceVersion "1"]
[SourceVersionDate "2020.05.31"]
[SourceQuality "1"]

1. d4 d5 2. Nf3 e6 3. g3 c5 4. Bg2 Nc6 5. 0-0 Nf6 6. c4 Be7 7. cxd5 exd5 8. Nc3 0-0 9. dxc5 Bxc5 10. Bg5 d4 11. Bxf6 Qxf6 12. Nd5 Qd8 13. Ne1 Re8 14. Nd3 Bf8 15. Re1 Bf5 16. a3 Be4 17. Bxe4 Rxe4 18. N5f4 Qc8 19. Rc1 Kh8 20. Ng2 g5 21. Qd2 Qf5 22. f3 Re6 23. g4 Qd5 24. b4 b6 25. Rcd1 Bd6 26. Nf2 Qe5 27. Kf1 h6 28. h3 Qh2 29. Rc1 Bg3 30. Rxc6 Rxc6 31. Qxd4+ Kg8 32. Qe4 Rac8 33. Qe3 Bxf2 34. Kxf2 Qd6 35. Qe4 Rc4 36. Qb1 Qd4+ 37. Kf1 Rc2 38. Qb3 R8c3 39. Qa4 Rxf3+ 0-1

[Event "SRB-ch sf"]
[Site "Novi Banovci"]
[Date "2020.02.24"]
[Round "1"]
[White "Trifunovic, Miroljub"]
[Black "Lajthajm, Borko"]
[Result "0-1"]
[WhiteElo "2180"]
[BlackElo "2393"]
[PlyCount "64"]
[EventDate "2020.02.24"]
[EventType "swiss"]
[EventRounds "9"]
[EventCountry "SRB"]
[SourceTitle "CBM 195 Extra"]
[Source "ChessBase"]
[SourceDate "2020.05.31"]
[SourceVersion "1"]
[SourceVersionDate "2020.05.31"]
[SourceQuality "1"]

1. Nf3 Nf6 2. g3 d6 3. d4 c6 4. Bg2 h6 5. 0-0 Bf5 6. Nc3 e6 7. Re1 d5 8. Ne5 Nbd7 9. e4 Nxe4 10. Nxe4 Nxe5 11. dxe5 dxe4 12. Qe2 Bc5 13. Bxe4 Bxe4 14. Qxe4 Qb6 15. Qe2 Rd8 16. c3 a5 17. a4 0-0 18. h4 Rd5 19. Kg2 Rfd8 20. h5 Qb3 21. Bf4 Rd3 22. Kg1 R8d5 23. Kg2 Qb6 24. Qc2 Qd8 25. Re2 Be7 26. Qb3 b5 27. axb5 cxb5 28. Qa2 a4 29. c4 R5d4 30. cxb5 Qa8+ 31. Kg1 Rxf4 32. gxf4 Rh3 0-1

[Event "Paracin Summer op-A 11th"]
[Site "Paracin"]
[Date "2018.07.09"]
[Round "4"]
[White "Rakshitta, Ravi"]
[Black "Trifunovic, Miroljub"]
[Result "0-1"]
[WhiteElo "2026"]
[BlackElo "2198"]
[PlyCount "128"]
[EventDate "2018.07.06"]
[EventType "swiss"]
[EventRounds "9"]
[EventCountry "SRB"]
[SourceTitle "CBM 185 Extra"]
[Source "ChessBase"]
[SourceDate "2018.07.29"]
[SourceVersion "1"]
[SourceVersionDate "2018.07.29"]
[SourceQuality "1"]

1. e4 c5 2. Nc3 e6 3. Nf3 d6 4. g3 Nc6 5. Bg2 Nf6 6. d4 cxd4 7. Nxd4 Bd7 8. Ndb5 Qb8 9. Bf4 Ne5 10. 0-0 a6 11. Nd4 b5 12. Bc1 Ra7 13. f4 Ng6 14. e5 dxe5 15. fxe5 Qxe5 16. Re1 Qc7 17. Bg5 Be7 18. Bxf6 gxf6 19. Qf3 0-0 20. Nc6 Bxc6 21. Qxc6 Qxc6 22. Bxc6 Rc8 23. Be4 f5 24. Bd3 Bf6 25. Kg2 b4 26. Na4 Ne5 27. Re2 Rc6 28. Rd1 Rd7 29. Red2 Nxd3 30. cxd3 Bd4 31. Kf3 Kg7 32. b3 Kf6 33. Nb2 Bxb2 34. Rxb2 e5 35. Rbd2 Rd4 36. Ke2 Ke6 37. Rb1 h5 38. Rbb2 Rc3 39. Rb1 f4 40. gxf4 Rxf4 41. Rg1 Rh4 42. Kd1 Rg4 43. Rg3 f5 44. Ke2 h4 45. Rxg4 fxg4 46. Ke3 Rc1 47. Rg2 Kf5 48. Rf2+ Kg5 49. Rf8 Re1+ 50. Kf2 Ra1 51. Rg8+ Kf5 52. Rf8+ Ke6 53. Rg8 Rxa2+ 54. Kg1 g3 55. hxg3 hxg3 56. Rxg3 Kd5 57. Rg8 Kd4 58. Rc8 Kxd3 59. Rc4 a5 60. Rc5 e4 61. Kf1 Ra1+ 62. Kf2 e3+ 63. Kf3 Rf1+ 64. Kg2 e2 0-1

[Event "Paracin Summer op-A 11th"]
[Site "Paracin"]
[Date "2018.07.07"]
[Round "3"]
[White "Trifunovic, Miroljub"]
[Black "Brankovic, Dejan"]
[Result "0-1"]
[WhiteElo "2198"]
[BlackElo "2377"]
[PlyCount "78"]
[EventDate "2018.07.06"]
[EventType "swiss"]
[EventRounds "9"]
[EventCountry "SRB"]
[SourceTitle "CBM 185 Extra"]
[Source "ChessBase"]
[SourceDate "2018.07.29"]
[SourceVersion "1"]
[SourceVersionDate "2018.07.29"]
[SourceQuality "1"]

1. d4 Nf6 2. Nf3 g6 3. g3 Bg7 4. Bg2 0-0 5. 0-0 d6 6. h3 c6 7. c4 a6 8. a4 a5 9. Nc3 Na6 10. e4 Nd7 11. Be3 e5 12. Qd2 exd4 13. Nxd4 Nac5 14. Ra3 Ne5 15. Qe2 Re8 16. Rd1 Qe7 17. f4 Ned7 18. Bf2 f5 19. e5 dxe5 20. Nxc6 bxc6 21. Bxc6 Rb8 22. Qd2 e4 23. Qd5+ Kf8 24. Bxc5 Qxc5+ 25. Qxc5+ Nxc5 26. Bxe8 Kxe8 27. Nb5 Bxb2 28. Ra2 Bf6 29. Rd5 Be7 30. Rad2 Be6 31. Re5 Kf7 32. Nd6+ Bxd6 33. Rxd6 Rc8 34. Rd4 Rc7 35. Rd8 Bxc4 36. Rh8 Kf6 37. Rf8+ Bf7 38. Ra8 Nd3 39. Ra6+ Kg7 0-1

[Event "SRB-chT 1st League"]
[Site "Banja Vrujci"]
[Date "2017.09.20"]
[Round "6.2"]
[White "Djosic, Slavoljub"]
[Black "Trifunovic, Miroljub"]
[Result "1-0"]
[WhiteElo "2296"]
[BlackElo "2240"]
[PlyCount "71"]
[EventDate "2017.09.16"]
[EventType "team"]
[EventRounds "11"]
[EventCountry "SRB"]
[SourceTitle "CBM 180 Extra"]
[Source "ChessBase"]
[SourceDate "2017.10.06"]
[SourceVersion "1"]
[SourceVersionDate "2017.10.06"]
[SourceQuality "1"]
[WhiteTeam "Kosovska Mitrovica"]
[BlackTeam "Kostolac Rudar"]
[WhiteTeamCountry "SRB"]
[BlackTeamCountry "SRB"]

1. b3 e5 2. Bb2 Nc6 3. g3 Nf6 4. Bg2 d5 5. d3 Be7 6. Nd2 0-0 7. e3 Bg4 8. Ne2 Qd7 9. h3 Be6 10. Nf3 Bb4+ 11. Kf1 Bd6 12. Kg1 Rfe8 13. Kh2 h6 14. Rf1 Qe7 15. c4 dxc4 16. dxc4 Rad8 17. Qb1 g6 18. Nc3 Bf5 19. e4 Bc8 20. Nd5 Nxd5 21. cxd5 Nb8 22. Qc1 Kh7 23. Qe3 a6 24. Qc3 c5 25. a4 b6 26. Nd2 b5 27. axb5 axb5 28. f4 f6 29. f5 gxf5 30. exf5 Ba6 31. Qf3 c4 32. Ne4 Rg8 33. Qh5 Rdf8 34. Bc1 Rg5 35. Bxg5 fxg5 36. Qg6+ 1-0

[Event "SRB-chT 1st League"]
[Site "Banja Vrujci"]
[Date "2017.09.18"]
[Round "4.1"]
[White "Cirakovic, Ivan"]
[Black "Trifunovic, Miroljub"]
[Result "1/2-1/2"]
[WhiteElo "2159"]
[BlackElo "2240"]
[PlyCount "134"]
[EventDate "2017.09.16"]
[EventType "team"]
[EventRounds "11"]
[EventCountry "SRB"]
[SourceTitle "CBM 180 Extra"]
[Source "ChessBase"]
[SourceDate "2017.10.06"]
[SourceVersion "1"]
[SourceVersionDate "2017.10.06"]
[SourceQuality "1"]
[WhiteTeam "Arandjelovac"]
[BlackTeam "Kostolac Rudar"]
[WhiteTeamCountry "SRB"]
[BlackTeamCountry "SRB"]

1. e4 e5 2. Nc3 Nf6 3. g3 d5 4. exd5 Nxd5 5. Bg2 Nxc3 6. bxc3 Bd6 7. Nf3 0-0 8. 0-0 c6 9. d3 Bg4 10. h3 Bh5 11. Rb1 b6 12. Re1 Nd7 13. Bb2 Re8 14. c4 Rc8 15. Qd2 f6 16. Nh4 Qc7 17. Nf5 Bf8 18. Bc3 Bf7 19. Qe2 g6 20. Ne3 f5 21. Kh2 Bg7 22. Bd2 h5 23. Nf1 h4 24. Bg5 hxg3+ 25. fxg3 Nc5 26. Qf2 Ne6 27. Bd2 Rf8 28. Kh1 Rcd8 29. Bb4 Rfe8 30. Bc3 Nc5 31. Bb4 Ne6 32. Bc3 Nd4 33. Bxd4 Rxd4 34. Nd2 Rd7 35. Nf3 Bf6 36. Nd2 Kg7 37. Rf1 Bg5 38. Nf3 Bf6 39. Nd2 Re6 40. g4 Bg5 41. gxf5 gxf5 42. Rbe1 Bg6 43. Nf3 Bf6 44. Nh4 Bxh4 45. Qxh4 Qd8 46. Qg3 Qf6 47. Be4 Kh6 48. Bf3 Rg7 49. Rg1 Bh5 50. Qf2 Bxf3+ 51. Qxf3 Rg5 52. Rxg5 Qxg5 53. Rg1 Qh5 54. Qg3 Rg6 55. Qe3+ f4 56. Rxg6+ Kxg6 57. Qe4+ Kf7 58. Kh2 Qg6 59. Qxe5 Qg3+ 60. Kh1 Qxh3+ 61. Kg1 Qg3+ 62. Kf1 Qf3+ 63. Ke1 Qh1+ 64. Kf2 Qh2+ 65. Kf1 Qh3+ 66. Kf2 Qg3+ 67. Kf1 Qh3+ 1/2-1/2

[Event "SRB-chT 1st League"]
[Site "Banja Vrujci"]
[Date "2017.09.17"]
[Round "2.2"]
[White "Trifunovic, Miroljub"]
[Black "Stankovic, Dragan P"]
[Result "0-1"]
[WhiteElo "2240"]
[BlackElo "2205"]
[PlyCount "68"]
[EventDate "2017.09.16"]
[EventType "team"]
[EventRounds "11"]
[EventCountry "SRB"]
[SourceTitle "CBM 180 Extra"]
[Source "ChessBase"]
[SourceDate "2017.10.06"]
[SourceVersion "1"]
[SourceVersionDate "2017.10.06"]
[SourceQuality "1"]
[WhiteTeam "Kostolac Rudar"]
[BlackTeam "Smederevska Palanka Jasenica"]
[WhiteTeamCountry "SRB"]
[BlackTeamCountry "SRB"]

1. d4 Nf6 2. Nf3 g6 3. g3 Bg7 4. Bg2 0-0 5. 0-0 d5 6. c4 dxc4 7. Na3 c3 8. bxc3 c5 9. Qb3 Nc6 10. Bb2 Be6 11. Qc2 Bd5 12. dxc5 Qa5 13. c4 Be4 14. Qb3 Qxc5 15. Qb5 Qh5 16. Rad1 Rfd8 17. h3 a6 18. Qxh5 Nxh5 19. Bxg7 Kxg7 20. Nb1 Na5 21. Nc3 Bc6 22. Nd5 Nxc4 23. Nxe7 Be4 24. Rc1 b5 25. Nh4 Bxg2 26. Nxg2 Rd2 27. a4 Re8 28. axb5 axb5 29. Nc6 Rexe2 30. Rb1 Rd6 31. Nb4 Nd2 32. Rfd1 Rf6 33. Nd3 Rfxf2 34. Nxf2 Nf3+ 0-1

[Event "Paracin Summer op-A 10th"]
[Site "Paracin"]
[Date "2017.07.13"]
[Round "8.41"]
[White "Trifunovic, Miroljub"]
[Black "Bozbey, Ali"]
[Result "1/2-1/2"]
[WhiteElo "2269"]
[BlackElo "2139"]
[PlyCount "83"]
[EventDate "2017.07.07"]
[EventType "swiss"]
[EventRounds "9"]
[EventCountry "SRB"]
[SourceTitle "EXT 2018"]
[Source "ChessBase"]
[SourceDate "2017.10.13"]
[SourceVersion "1"]
[SourceVersionDate "2017.10.13"]
[SourceQuality "1"]

1. d4 d6 2. e4 Nf6 3. Bd3 g6 4. c3 Bg7 5. Nf3 0-0 6. 0-0 Re8 7. h3 e5 8. Re1 c6 9. Bg5 Nbd7 10. Nbd2 Qc7 11. a4 h6 12. Be3 b6 13. Qc2 a6 14. Bf1 Bb7 15. Rad1 exd4 16. cxd4 c5 17. Bf4 Rad8 18. Bh2 Qc8 19. d5 Bf8 20. Bc4 Ne5 21. Nxe5 dxe5 22. f4 Bd6 23. fxe5 Bxe5 24. Bxe5 Rxe5 25. Qc3 Rde8 26. Qf3 Nxd5 27. Rf1 Qd7 28. Bxd5 Bxd5 29. exd5 Rxd5 30. Nc4 Rxd1 31. Qxd1 Qe6 32. Qb3 b5 33. axb5 axb5 34. Nd2 c4 35. Qxb5 Re7 36. Nf3 Rd7 37. Qb4 Kg7 38. Ne5 Rb7 39. Qc3 Rb3 40. Qxc4 Qxc4 41. Nxc4 Rb4 42. Rc1 1/2-1/2

[Event "Paracin Summer op-A 10th"]
[Site "Paracin"]
[Date "2017.07.11"]
[Round "6.43"]
[White "Trifunovic, Miroljub"]
[Black "Grujic, Nebojsa"]
[Result "1/2-1/2"]
[WhiteElo "2269"]
[BlackElo "2152"]
[PlyCount "44"]
[EventDate "2017.07.07"]
[EventType "swiss"]
[EventRounds "9"]
[EventCountry "SRB"]
[SourceTitle "EXT 2018"]
[Source "ChessBase"]
[SourceDate "2017.10.13"]
[SourceVersion "1"]
[SourceVersionDate "2017.10.13"]
[SourceQuality "1"]

1. d4 f5 2. Nf3 Nf6 3. g3 d5 4. Bg2 e6 5. c4 c6 6. b3 Bd6 7. 0-0 Qe7 8. Bb2 0-0 9. Nbd2 Ne4 10. Ne5 Nxd2 11. Qxd2 Nd7 12. f4 Nxe5 13. fxe5 Bb4 14. Qe3 Bd7 15. a3 Ba5 16. b4 Bc7 17. Qc3 Rfc8 18. a4 Bd8 19. Ba3 Qe8 20. a5 b5 21. axb6 axb6 22. Bb2 b5 1/2-1/2

[Event "Paracin Summer op-A 10th"]
[Site "Paracin"]
[Date "2017.07.08"]
[Round "2.19"]
[White "Trifunovic, Miroljub"]
[Black "McPhillips, Joseph"]
[Result "0-1"]
[WhiteElo "2269"]
[BlackElo "2400"]
[PlyCount "85"]
[EventDate "2017.07.07"]
[EventType "swiss"]
[EventRounds "9"]
[EventCountry "SRB"]
[SourceTitle "EXT 2018"]
[Source "ChessBase"]
[SourceDate "2017.10.13"]
[SourceVersion "1"]
[SourceVersionDate "2017.10.13"]
[SourceQuality "1"]

1. d4 Nf6 2. c4 e6 3. Nf3 d5 4. Nc3 c6 5. Qb3 dxc4 6. Qxc4 b5 7. Qb3 Be7 8. g3 Nbd7 9. Bg2 a6 10. 0-0 Bb7 11. Rd1 Qc8 12. Bf4 c5 13. Rac1 c4 14. Qc2 Nb6 15. a3 Nbd5 16. Nxd5 Bxd5 17. Ne1 Qb7 18. Bg5 Rd8 19. Bxf6 Bxf6 20. e4 Bc6 21. d5 exd5 22. exd5 Bd7 23. b3 c3 24. Qe2+ Kf8 25. Nd3 Re8 26. Qc2 Qb6 27. b4 Bf5 28. Re1 Rxe1+ 29. Rxe1 Qd4 30. Qe2 g6 31. Be4 Bxe4 32. Qxe4 Qxe4 33. Rxe4 Kg7 34. Re2 Rd8 35. Nf4 Kf8 36. Rc2 Ke7 37. Kf1 Kd6 38. Ke1 g5 39. Nd3 Kxd5 40. Ke2 Kc4 41. Nc1 g4 42. f4 gxf3+ 43. Kxf3 0-1

[Event "SRB-chT2 East CS"]
[Site "Kragujevac"]
[Date "2016.10.08"]
[Round "10.5"]
[White "Trifunovic, Miroljub"]
[Black "Zivic, Dragan"]
[Result "1/2-1/2"]
[WhiteElo "2220"]
[BlackElo "2204"]
[PlyCount "88"]
[EventDate "2016.08.26"]
[EventType "team-tourn"]
[EventRounds "11"]
[EventCountry "SRB"]
[SourceTitle "EXT 2021"]
[Source "ChessBase"]
[SourceDate "2020.10.23"]
[SourceVersion "1"]
[SourceVersionDate "2020.10.23"]
[SourceQuality "1"]

1. d4 Nf6 2. Nf3 e6 3. g3 b6 4. Bg2 Bb7 5. 0-0 c5 6. c4 cxd4 7. Qxd4 d6 8. Nc3 a6 9. h3 Qc7 10. b3 Nbd7 11. Bb2 Be7 12. Rac1 0-0 13. e4 Rac8 14. Qe3 Qb8 15. Nd4 Rfe8 16. Rfe1 Bf8 17. Rcd1 Qa8 18. Qe2 g6 19. g4 e5 20. Nc2 Nc5 21. Nb4 Ne6 22. Ncd5 Nxd5 23. exd5 Nf4 24. Qe4 b5 25. Bf1 bxc4 26. bxc4 Rc7 27. Nd3 f5 28. gxf5 gxf5 29. Qxf5 Bc8 30. Qe4 Bh6 31. Nxf4 Bxf4 32. Qxf4 exf4 33. Rxe8+ Kf7 34. Rh8 Kg6 35. Bd3+ Kh6 36. Re1 Qb7 37. Bc1 Rxc4 38. Kh2 Rd4 39. Rxh7+ Qxh7 40. Bxh7 Kxh7 41. Re8 Bf5 42. Rd8 Rc4 43. Bd2 Rd4 44. Bc1 Rc4 1/2-1/2

[Event "SRB-chT2 East CS"]
[Site "Kragujevac"]
[Date "2016.10.08"]
[Round "9.5"]
[White "Vukasinovic, Sasa"]
[Black "Trifunovic, Miroljub"]
[Result "0-1"]
[WhiteElo "2051"]
[BlackElo "2220"]
[PlyCount "48"]
[EventDate "2016.08.26"]
[EventType "team-tourn"]
[EventRounds "11"]
[EventCountry "SRB"]
[SourceTitle "EXT 2021"]
[Source "ChessBase"]
[SourceDate "2020.10.23"]
[SourceVersion "1"]
[SourceVersionDate "2020.10.23"]
[SourceQuality "1"]

1. e4 e5 2. Nf3 Nc6 3. Bc4 Bc5 4. 0-0 Nf6 5. d4 Nxd4 6. Nxe5 Ne6 7. Nc3 d6 8. Nf3 a6 9. e5 dxe5 10. Qxd8+ Nxd8 11. Nxe5 Be6 12. Bxe6 Nxe6 13. Nd3 Bb6 14. Bf4 0-0-0 15. Be5 Ng4 16. Bg3 Nd4 17. Rac1 f6 18. h3 Nh6 19. Nf4 Nhf5 20. Nfd5 Ne2+ 21. Nxe2 Rxd5 22. Bf4 g5 23. Nc3 Rd7 24. Be3 Nxe3 0-1

[Event "SRB-chT2 East CS"]
[Site "Kragujevac"]
[Date "2016.10.07"]
[Round "8.5"]
[White "Trifunovic, Miroljub"]
[Black "Terzic, Goran"]
[Result "0-1"]
[WhiteElo "2220"]
[BlackElo "2232"]
[PlyCount "68"]
[EventDate "2016.08.26"]
[EventType "team-tourn"]
[EventRounds "11"]
[EventCountry "SRB"]
[SourceTitle "EXT 2021"]
[Source "ChessBase"]
[SourceDate "2020.10.23"]
[SourceVersion "1"]
[SourceVersionDate "2020.10.23"]
[SourceQuality "1"]

1. d4 Nc6 2. Nf3 d6 3. d5 Ne5 4. Nxe5 dxe5 5. e4 e6 6. Bb5+ Bd7 7. Qe2 a6 8. Bc4 exd5 9. exd5 Bd6 10. 0-0 f5 11. f4 e4 12. a4 Nf6 13. Be3 0-0 14. Bb3 Kh8 15. Nd2 Qe7 16. h3 Bc5 17. Kh2 b5 18. Qf2 Bxe3 19. Qxe3 bxa4 20. Ba2 Rab8 21. Qd4 Qb4 22. Nc4 Rb5 23. c3 Qe7 24. Qa7 Nxd5 25. Qxa6 Rbb8 26. Qa5 Bb5 27. Rfd1 Nxf4 28. Ne3 Bd3 29. Rd2 Qg5 30. Rad1 Nxh3 31. Qc5 Nf4 32. Qxc7 Ne2 33. Rxe2 Bxe2 34. Rd5 Qh6+ 0-1

[Event "SRB-chT2 East CS"]
[Site "Kragujevac"]
[Date "2016.08.27"]
[Round "2.24"]
[White "Petrovic, Petar R"]
[Black "Trifunovic, Miroljub"]
[Result "0-1"]
[WhiteElo "1958"]
[BlackElo "2220"]
[PlyCount "82"]
[EventDate "2016.08.26"]
[EventType "team-tourn"]
[EventRounds "11"]
[EventCountry "SRB"]
[SourceTitle "EXT 2021"]
[Source "ChessBase"]
[SourceDate "2020.10.23"]
[SourceVersion "1"]
[SourceVersionDate "2020.10.23"]
[SourceQuality "1"]

1. e4 e5 2. Nf3 Nc6 3. Bb5 a6 4. Ba4 Nf6 5. d3 b5 6. Bb3 Bc5 7. 0-0 d6 8. c3 h6 9. h3 0-0 10. d4 Bb6 11. Re1 Bb7 12. d5 Na5 13. Bc2 c6 14. dxc6 Bxc6 15. Nbd2 Re8 16. Nf1 Qc7 17. Qe2 Rad8 18. Ng3 d5 19. exd5 Bxd5 20. Ne4 Nh7 21. Nh4 Be6 22. Ng3 Nf6 23. Nh5 Nxh5 24. Qxh5 Nc4 25. b3 Nd2 26. Bb2 e4 27. c4 Qf4 28. Re2 bxc4 29. Qe5 Qxe5 30. Bxe5 g5 31. Rd1 cxb3 32. axb3 Nxb3 33. Rxd8 Bxd8 34. Bxe4 gxh4 35. Bc6 Rf8 36. Ra2 a5 37. Bd6 Nd4 38. Bxf8 Kxf8 39. Rd2 Nxc6 40. Rd6 Be7 41. Rxc6 a4 0-1

[Event "SRB Central-ch op-A 9th"]
[Site "Paracin"]
[Date "2016.07.13"]
[Round "8"]
[White "Trifunovic, Miroljub"]
[Black "Popovic, Aleksandar M"]
[Result "1-0"]
[WhiteElo "2209"]
[BlackElo "2256"]
[PlyCount "41"]
[EventDate "2016.07.07"]
[EventType "swiss"]
[EventRounds "9"]
[EventCountry "SRB"]
[SourceTitle "CBM 173 Extra"]
[Source "ChessBase"]
[SourceDate "2016.08.29"]
[SourceVersion "1"]
[SourceVersionDate "2016.08.29"]
[SourceQuality "1"]

1. e4 e5 2. Nf3 Nc6 3. Bc4 d6 4. d4 exd4 5. Nxd4 Nf6 6. Nc3 g6 7. Nxc6 bxc6 8. 0-0 Bg7 9. e5 Ng4 10. e6 f5 11. e7 Qxe7 12. Re1 Be5 13. Bf4 Kf8 14. h3 Qf6 15. hxg4 Bxf4 16. Qf3 fxg4 17. Qxc6 g3 18. fxg3 Qd4+ 19. Kh2 Be5 20. Rxe5 Qd2 21. Qxc7 1-0

[Event "SRB-chT2 East"]
[Site "Vrnjacka Banja"]
[Date "2015.10.10"]
[Round "9.44"]
[White "Trifunovic, Miroljub"]
[Black "Dimitrijevic, Dusan"]
[Result "1-0"]
[WhiteElo "2209"]
[BlackElo "2135"]
[PlyCount "93"]
[EventDate "2015.08.28"]
[EventType "team-tourn"]
[EventRounds "11"]
[EventCountry "SRB"]
[SourceTitle "EXT 2022"]
[Source "ChessBase"]
[SourceDate "2021.10.06"]
[SourceVersion "1"]
[SourceVersionDate "2021.10.06"]
[SourceQuality "1"]

1. d4 Nf6 2. c4 e6 3. Nc3 Bb4 4. e3 b6 5. Nge2 0-0 6. a3 Be7 7. Nf4 d6 8. Be2 Bb7 9. d5 e5 10. Nd3 a5 11. Rb1 Ba6 12. b3 Nbd7 13. 0-0 Re8 14. e4 Nc5 15. f3 Nfd7 16. Be3 Bg5 17. Bf2 Rf8 18. b4 axb4 19. axb4 Nxd3 20. Bxd3 g6 21. Qc2 Qe7 22. Ra1 Rfb8 23. Ra2 b5 24. cxb5 Bb7 25. Na4 Nf6 26. Rfa1 Ne8 27. g3 f5 28. Nc3 fxe4 29. fxe4 Nf6 30. h3 Qd7 31. Bf1 Qf7 32. Rxa8 Rxa8 33. Rxa8+ Bxa8 34. Qa2 Qf8 35. Qa7 Bd2 36. Nb1 Nxe4 37. Nxd2 Nxd2 38. Bg2 e4 39. Qxc7 Bxd5 40. b6 Qf7 41. Qc8+ Kg7 42. Bd4+ Kh6 43. Be3+ Kg7 44. Bxd2 Bb7 45. Qc7 d5 46. Bc3+ Kf8 47. Qb8+ 1-0

[Event "SRB-chT2 East"]
[Site "Vrnjacka Banja"]
[Date "2015.10.09"]
[Round "7.64"]
[White "Trifunovic, Miroljub"]
[Black "Mitrovic, Darko R"]
[Result "1/2-1/2"]
[WhiteElo "2209"]
[BlackElo "2241"]
[PlyCount "28"]
[EventDate "2015.08.28"]
[EventType "team-tourn"]
[EventRounds "11"]
[EventCountry "SRB"]
[SourceTitle "EXT 2022"]
[Source "ChessBase"]
[SourceDate "2021.10.06"]
[SourceVersion "1"]
[SourceVersionDate "2021.10.06"]
[SourceQuality "1"]

1. d4 Nf6 2. c4 e6 3. Nf3 b6 4. g3 Bb7 5. Bg2 Bb4+ 6. Bd2 Bxd2+ 7. Nbxd2 0-0 8. 0-0 c5 9. e3 Nc6 10. Rc1 Qe7 11. Ne5 Nd8 12. Ndf3 d6 13. Nd3 Rc8 14. Re1 Be4 1/2-1/2